000 00317nam a22001457a 4500
008 210427b ||||| |||| 00| 0 eng d
020 _a0137534353
041 _aeng
080 _22nd
_a37
082 _a37
100 _a46
101 _aEDU
245 _aReading Technical Books
_cAnne Eisenberg
942 _2udc
_cBK
999 _c56839
_d56839